Sustainable living (Record no. 79186)

MARC details
000 -LEADER
fixed length control field 00910cab a22001935a 4500
001 - CONTROL NUMBER
control field L140088
008 - FIXED-LENGTH DATA ELEMENTS--GENERAL INFORMATION
fixed length control field 070904s2007 xxko f 000 0 eng d
035 ## - SYSTEM CONTROL NUMBER
System control number (Sirsi) u140088
041 0# - LANGUAGE CODE
Language code of text/sound track or separate title eng
100 1# - MAIN ENTRY--PERSONAL NAME
Personal name Bosanko, Nigel
245 00 - TITLE STATEMENT
Title Sustainable living
260 ## - PUBLICATION, DISTRIBUTION, ETC.
Date of publication, distribution, etc. 2007
490 #0 - SERIES STATEMENT
Series statement Building Engineer
Volume/sequential designation 82(9) September 2007, 20-21(2)
520 ## - SUMMARY, ETC.
Summary, etc. Explains how used newspaper can be used as a cost-effective and environmentally friendly method of insulating homes. The process of transforming newspapers into an insulation product requires little energy which means the product has an excellent BRE environmental rating. It also has zero ozone depletion potential, delivers optimum insulation performance, is resistant to fire, and can be recycled when removed from a building.
590 ## - LOCAL NOTE (RLIN)
Local note KA
651 #4 - SUBJECT ADDED ENTRY--GEOGRAPHIC NAME
Geographic name United Kingdom
Chronological subdivision
690 ## - LOCAL SUBJECT ADDED ENTRY--TOPICAL TERM (OCLC, RLIN)
Topical term or geographic name as entry element BUILT ENVIRONMENT-SUSTAINABLE CONSTRUCTION
942 ## - ADDED ENTRY ELEMENTS (KOHA)
Suppress in OPAC 0
Holdings
Withdrawn status Lost status Source of classification or shelving scheme Damaged status Not for loan Home library Current library Shelving location Date acquired Total Checkouts Full call number Barcode Date last seen Copy number Price effective from Koha item type
    Dewey Decimal Classification     London London Journal article 04/09/2007   L140088 140088-1001 06/08/2019 1 06/08/2019 Journal article